Štúrovec Štefan Václav Homola (1820 - 1881) a jeho osvetová práca

Bibliographic Details
Main Author: Naster, Marián, 1983- (Author)
Format: Article
Language:Slovak
PhysicalDescription:Fotogr., obr.
ISBN:9788089614301
Subjects:

MARC

LEADER 00000naa a2200000 a 4500
001 vtls011603171
003 SK-MaSNL
005 20260302135029.0
008 170110 2016 xo 000 b slo
015 |a SNBRA 2015  |2 svkbbbg 
038 |a SVKBBBG 
040 |a SVKBBBG  |b slo  |c SVKBBBG  |e AACR2 
041 0 |a slo  |b eng 
044 |a xo  |c SK 
072 7 |a 929 Homola, Štefan Václav  |x Biografie  |2 konspekt 
072 7 |a 930.85  |x Dejiny civilizácie. Kultúrne dejiny  |2 konspekt 
072 7 |a 316.7  |x Sociológia kultúry. Kultúrny život  |2 konspekt 
080 |a 929  |2 2011 
080 |a 930.85(437.6)-051"18"  |2 2011 
080 |a (497.113)  |2 2011 
080 |a 316.7  |2 2011 
100 1 |a Naster, Marián,  |d 1983-  |4 aut  |9 823066 
245 1 0 |a Štúrovec Štefan Václav Homola (1820 - 1881) a jeho osvetová práca  |c Marián Naster 
300 |b Fotogr., obr. 
504 |a Bibliogr. odkazy ; pozn. 
546 |a Res. angl. 
600 1 7 |a Homola, Štefan Václav,  |d 1820-1881  |2 SVKBBPH  |9 95840 
648 7 |a 19. stor.  |2 SVKBBPH  |9 278793 
650 0 7 |a osobnosti  |2 SNKPH  |9 29820 
650 0 7 |a štúrovci  |2 SNKPH  |9 59026 
650 0 7 |a kultúrno-osvetová práca  |2 SNKPH  |9 86862 
651 7 |a Petrovec (Srbsko)  |2 SNKPH  |9 175238 
773 0 |t 19. storočie v zrkadle písomných prameňov : z dejín knižnej a duchovnej kultúry Slovenska  |d Prešov : Štátna vedecká knižnica v Prešove, 2016  |g S. 69-79  |z 9788089614301 
852 |a SVKBB  |b KIS3GCP 
958 |a NB 
999 |c 1325600  |d 1327530